000 00398nam a2200145 i 4500
001 43055
003 ES-MaACL
005 20230906160726.0
007 t|
008 030314q1908 ag ||||1| spa d
245 0 0 _aCenso agro-pecuario de la República Argentina
_b: mayo de 1908.
260 _a[Argentina? :
_bs.n.,
_c1908?]
500 _aComprende 5 mapas y planos.
852 _aES-MaACL
_j1602-F-6
999 _c43055
_d43055